[Event "World Corporate East C"]
[Site "Chess.com INT"]
[Date "2021.02.20"]
[Round "6.7"]
[White "Shah, Yash B"]
[Black "Nair, Sanjeev"]
[Result "0-1"]
[WhiteElo "1490"]
[BlackElo "2143"]
[PlyCount "102"]
[EventDate "2021.02.19"]
[EventType "team (rapid)"]
[EventRounds "7"]
[EventCountry "USA"]
[SourceTitle "EXT 2022"]
[Source "ChessBase"]
[SourceDate "2021.10.06"]
[SourceVersion "1"]
[SourceVersionDate "2021.10.06"]
[SourceQuality "1"]
[WhiteTeam "Google Mumbai"]
[BlackTeam "Ernst & Young"]
[WhiteTeamCountry "IND"]
[BlackTeamCountry "IND"]

1. e4 c5 2. d4 cxd4 3. c3 d3 4. Bxd3 Nc6 5. Nf3 g6 6. Bf4 d6 7. Qb3 Bg7 8. 0-0 Nf6 9. Bb5 0-0 10. e5 Nh5 11. Be3 Nxe5 12. Nxe5 Bxe5 13. Nd2 a6 14. Be2 Nf4 15. Bd1 Be6 16. Qxb7 Bd5 17. Qb4 Nxg2 18. Bh6 e6 19. Nf3 Rb8 20. Qg4 Bxf3 21. Bxf3 Nh4 22. Bxf8 f5 23. Qh3 Kxf8 24. Rab1 g5 25. Be2 g4 26. Qe3 Qf6 27. Kh1 f4 28. Qe4 f3 29. Bc4 d5 30. Qxh7 dxc4 31. Rfe1 Ng6 32. Rbd1 Qf4 33. Rd7 Qf6 34. Red1 Re8 35. Qh6+ Kg8 36. Qh7+ Kf8 37. Qh6+ Kg8 38. Rh7 Bf4 39. Qh5 e5 40. Rdd7 e4 41. Rhg7+ Qxg7 42. Rxg7+ Kxg7 43. Qc5 e3 44. fxe3 Bxe3 45. Qc7+ Re7 46. Qd6 Bf4 47. Qd1 f2 48. Kg2 Re1 49. Qxe1 fxe1Q 50. h3 Qg3+ 51. Kh1 Qh2# 0-1

[Event "Dieren op"]
[Site "Dieren"]
[Date "2019.07.26"]
[Round "4"]
[White "Nair, Sanjeev"]
[Black "Grooten, Herman"]
[Result "0-1"]
[WhiteElo "2045"]
[BlackElo "2310"]
[PlyCount "142"]
[EventDate "2019.07.23"]
[EventType "swiss"]
[EventRounds "9"]
[EventCountry "NED"]
[SourceTitle "CBM 191 Extra"]
[Source "ChessBase"]
[SourceDate "2019.09.30"]
[SourceVersion "1"]
[SourceVersionDate "2019.09.30"]
[SourceQuality "1"]

1. e4 c5 2. Nf3 e6 3. d4 cxd4 4. Nxd4 a6 5. Nc3 Qc7 6. Bd3 Nf6 7. 0-0 d6 8. f4 Nbd7 9. Kh1 b5 10. a3 Bb7 11. Qe2 g6 12. f5 e5 13. Ne6 fxe6 14. fxe6 Bg7 15. exd7+ Qxd7 16. a4 b4 17. Na2 a5 18. Bc4 d5 19. Bb5 Bc6 20. exd5 Bxb5 21. Qxe5+ Qe7 22. Qxe7+ Kxe7 23. axb5 Nxd5 24. c4 bxc3 25. Nxc3 Nxc3 26. bxc3 Bxc3 27. Ba3+ Ke6 28. Rac1 Rhc8 29. Rf3 Bb4 30. Rd1 Rc5 31. b6 Rb8 32. Bb2 Rb7 33. g4 Rc8 34. Rf6+ Ke7 35. Rdf1 Ke8 36. g5 Rc2 37. Be5 Be7 38. Rf7 Rxb6 39. Rxh7 Bxg5 40. Bd4 Re6 41. Rb1 Rc1+ 42. Rxc1 Bxc1 43. Ra7 Bd2 44. Kg2 Kd8 45. Kf3 Kc8 46. Bc5 Kb8 47. Rd7 Bb4 48. Bd4 a4 49. Rd5 Kc7 50. Rb5 Be7 51. Ra5 a3 52. h4 Kb7 53. Ra7+ Kc6 54. Ra5 Bb4 55. Ra8 Kd5 56. Ba1 Kc4 57. Kf4 Re1 58. Bf6 Rf1+ 59. Kg5 Rg1+ 60. Kh6 Kb3 61. Ra7 a2 62. Bd4 Rg4 63. Bf6 Be1 64. Rb7+ Rb4 65. Ra7 Bxh4 66. Ba1 Bf2 67. Rd7 Rb6 68. Kg5 Be3+ 69. Kg4 Bc1 70. Rd3+ Kc2 71. Rh3 Rb4+ 0-1

[Event "Hofheim Spring op 7th"]
[Site "Hofheim"]
[Date "2019.04.24"]
[Round "2"]
[White "Nair, Sanjeev"]
[Black "Dietze, Frank Heinz"]
[Result "1-0"]
[WhiteElo "2029"]
[BlackElo "2185"]
[PlyCount "141"]
[EventDate "2019.04.23"]
[EventType "swiss"]
[EventRounds "9"]
[EventCountry "GER"]
[SourceTitle "CBM 190 Extra"]
[Source "ChessBase"]
[SourceDate "2019.07.15"]
[SourceVersion "1"]
[SourceVersionDate "2019.07.15"]
[SourceQuality "1"]

1. e4 c5 2. Nf3 d6 3. d4 cxd4 4. Nxd4 Nf6 5. Nc3 a6 6. h3 e5 7. Nde2 Nbd7 8. g4 Be7 9. Bg2 0-0 10. 0-0 b5 11. Ng3 b4 12. Nd5 Nxd5 13. exd5 g6 14. Bh6 Re8 15. Qd2 Rb8 16. f4 exf4 17. Qxf4 Ne5 18. Rae1 f6 19. Qf2 Bf8 20. Be3 Bg7 21. Bd4 a5 22. Qd2 Rb7 23. b3 Rbe7 24. Re4 Bb7 25. c4 Nd7 26. Qf2 Bc8 27. Rxe7 Qxe7 28. Ne4 Rf8 29. Bb2 Ne5 30. Qb6 Rd8 31. Bxe5 fxe5 32. Qxa5 Bh6 33. Qb6 Bf4 34. Qxb4 h5 35. gxh5 Bf5 36. Qe1 gxh5 37. Qe2 Qh4 38. Qxh5 Qxh5 39. Nf6+ Kh8 40. Nxh5 Be3+ 41. Kh1 Bg6 42. Ng3 Ra8 43. Be4 Kg7 44. Bxg6 Kxg6 45. Rf3 Bf4 46. a4 Bd2 47. Ne4 Bb4 48. Rf6+ Kg7 49. Kg2 Rh8 50. Rf5 Rh4 51. Rg5+ Kf7 52. Rg4 Rh8 53. h4 Ke7 54. Ng3 Kf7 55. Kh3 Be1 56. Re4 Bb4 57. h5 Bc5 58. Re2 Rb8 59. Rb2 Ba3 60. Rf2+ Kg7 61. Rf3 Bb4 62. Kg4 Rg8 63. Rf1 Kh6+ 64. Kh4 Re8 65. Rf6+ Kg7 66. Rg6+ Kf7 67. Ne4 Rd8 68. Ng5+ Ke7 69. Rg7+ Ke8 70. Rg8+ Ke7 71. Rxd8 1-0

[Event "India rating op"]
[Site "India"]
[Date "2019.02.03"]
[Round "4"]
[White "Nair, Sanjeev"]
[Black "Mehar, Chinna Reddy CH"]
[Result "0-1"]
[WhiteElo "1972"]
[BlackElo "2321"]
[PlyCount "88"]
[EventDate "2019.02.03"]
[EventType "swiss"]
[EventRounds "11"]
[EventCountry "IND"]
[SourceTitle "EXT 2021"]
[Source "ChessBase"]
[SourceDate "2020.10.23"]
[SourceVersion "1"]
[SourceVersionDate "2020.10.23"]
[SourceQuality "1"]

1. e4 c5 2. Nf3 d6 3. d4 cxd4 4. Nxd4 Nf6 5. Nc3 Nc6 6. g3 g6 7. Bg2 Bg7 8. Nde2 0-0 9. 0-0 Bd7 10. h3 Rc8 11. Nd5 Nxd5 12. exd5 Ne5 13. a4 Qc7 14. c3 a6 15. Nd4 Nc4 16. Ra2 Qb6 17. Re1 Rfe8 18. b3 Na5 19. b4 Nc4 20. a5 Qc7 21. Bg5 Ne5 22. Rc2 h6 23. Bf4 g5 24. Bc1 Ba4 25. Bb2 Nc4 26. Qc1 Bxc2 27. Qxc2 Nxb2 28. Qxb2 Qxc3 29. Qxc3 Rxc3 30. Ne2 Rc4 31. h4 Rxb4 32. hxg5 hxg5 33. Rc1 Bf6 34. Rc7 Rb5 35. Bf1 Rxd5 36. Rxb7 Rxa5 37. Kg2 Rc8 38. g4 Ra2 39. Ng3 d5 40. Bd3 e6 41. Nh5 Bd4 42. Kh3 Rxf2 43. Ng3 Be5 44. Nf1 Rf3+ 0-1

[Event "India rating op"]
[Site "India"]
[Date "2019.02.03"]
[Round "6"]
[White "Nair, Sanjeev"]
[Black "Vedant, Nitin Vekhande"]
[Result "1-0"]
[WhiteElo "1972"]
[BlackElo "1527"]
[PlyCount "78"]
[EventDate "2019.02.03"]
[EventType "swiss"]
[EventRounds "11"]
[EventCountry "IND"]
[SourceTitle "EXT 2021"]
[Source "ChessBase"]
[SourceDate "2020.10.23"]
[SourceVersion "1"]
[SourceVersionDate "2020.10.23"]
[SourceQuality "1"]

1. e4 c5 2. Nf3 d6 3. d4 cxd4 4. Nxd4 Nf6 5. Nc3 g6 6. g3 Bg7 7. Bg2 0-0 8. 0-0 Nc6 9. Nde2 Be6 10. h3 Rc8 11. a4 Bc4 12. Re1 a6 13. Nd5 Bxd5 14. exd5 Ne5 15. b3 Qc7 16. Ra2 b5 17. axb5 axb5 18. Be3 Ra8 19. Rxa8 Rxa8 20. Qd2 Ned7 21. Nd4 Qb7 22. Qb4 Nxd5 23. Qxb5 Qxb5 24. Nxb5 Nxe3 25. Bxa8 Nxc2 26. Rc1 Nb4 27. Rc7 Nb6 28. Rxe7 Bf8 29. Ra7 d5 30. Bb7 Bc5 31. Ra1 d4 32. Rd1 d3 33. Be4 N6d5 34. Bxd5 Nxd5 35. Rxd3 Nf6 36. Rc3 Bb6 37. Kg2 Ne4 38. Rc8+ Kg7 39. f3 Nd2 1-0

[Event "Charleroi op"]
[Site "Charleroi"]
[Date "2018.08.01"]
[Round "6"]
[White "Nair, Sanjeev"]
[Black "Hamblok, Roel"]
[Result "0-1"]
[WhiteElo "1942"]
[BlackElo "2286"]
[PlyCount "76"]
[EventDate "2018.07.28"]
[EventType "swiss"]
[EventRounds "9"]
[EventCountry "BEL"]
[SourceTitle "CBM 185 Extra"]
[Source "ChessBase"]
[SourceDate "2018.07.29"]
[SourceVersion "1"]
[SourceVersionDate "2018.07.29"]
[SourceQuality "1"]

1. e4 e5 2. Nc3 Bc5 3. g3 Nc6 4. Bg2 a6 5. Nge2 d6 6. d3 f5 7. 0-0 Nf6 8. Nd5 h6 9. h3 0-0 10. Kh2 Ba7 11. f4 Nxd5 12. exd5 Ne7 13. b3 Ng6 14. Bb2 Bd7 15. Qd2 Qf6 16. Rae1 Rae8 17. Qb4 Bb6 18. c4 h5 19. fxe5 Nxe5 20. Bxe5 Rxe5 21. d4 Re7 22. c5 dxc5 23. dxc5 Ba7 24. Nf4 Rxe1 25. Rxe1 h4 26. Re3 Bc8 27. Qc4 b5 28. Qc1 Qd4 29. Nd3 hxg3+ 30. Rxg3 f4 31. Rf3 Qxd5 32. Nxf4 Qxc5 33. Rc3 Qe5 34. Bd5+ Kh8 35. Rf3 g5 36. Qc6 Rf6 37. Qxf6+ Qxf6 38. Nd3 Qd6+ 0-1

[Event "Charleroi op"]
[Site "Charleroi"]
[Date "2018.07.30"]
[Round "3"]
[White "Kulkarni, Rakesh"]
[Black "Nair, Sanjeev"]
[Result "1-0"]
[WhiteElo "2363"]
[BlackElo "1942"]
[PlyCount "78"]
[EventDate "2018.07.28"]
[EventType "swiss"]
[EventRounds "9"]
[EventCountry "BEL"]
[SourceTitle "CBM 185 Extra"]
[Source "ChessBase"]
[SourceDate "2018.07.29"]
[SourceVersion "1"]
[SourceVersionDate "2018.07.29"]
[SourceQuality "1"]

1. e4 g6 2. d4 Bg7 3. Nc3 c6 4. Nf3 d6 5. g3 Nf6 6. Bg2 0-0 7. 0-0 Qc7 8. h3 Nbd7 9. Be3 e5 10. Qd2 Re8 11. Nh4 b6 12. f4 Ba6 13. Rf2 Rad8 14. fxe5 dxe5 15. d5 Nh5 16. Kh2 Ndf6 17. Rd1 Rd7 18. Bh6 cxd5 19. Bxg7 Kxg7 20. Qg5 Qd8 21. exd5 e4 22. Nf5+ Kh8 23. Ne3 Rd6 24. Bf1 Bc8 25. Kg1 Kg7 26. Nc4 h6 27. Qe3 Rd7 28. g4 Nxd5 29. Nxd5 Rxd5 30. Rxd5 Qxd5 31. gxh5 b5 32. hxg6 bxc4 33. gxf7 Rf8 34. Qc3+ Kh7 35. Bxc4 Qd1+ 36. Kh2 Qd6+ 37. Qg3 Qxg3+ 38. Kxg3 e3 39. Re2 Rh8 1-0

[Event "Mumbai Wealth op 3rd"]
[Site "Mumbai"]
[Date "2018.01.07"]
[Round "9"]
[White "Nair, Sanjeev"]
[Black "Srija, Seshadri"]
[Result "0-1"]
[WhiteElo "1903"]
[BlackElo "2203"]
[PlyCount "82"]
[EventDate "2017.12.30"]
[EventType "swiss"]
[EventRounds "9"]
[EventCountry "IND"]
[SourceTitle "CBM 182 Extra"]
[Source "ChessBase"]
[SourceDate "2018.02.23"]
[SourceVersion "1"]
[SourceVersionDate "2018.02.23"]
[SourceQuality "1"]

1. e4 e5 2. Nf3 Nc6 3. Bb5 a6 4. Ba4 Nf6 5. d3 b5 6. Bb3 Be7 7. 0-0 d6 8. c3 0-0 9. Re1 Na5 10. Bc2 c5 11. Nbd2 Re8 12. Nf1 Bf8 13. Ng3 g6 14. d4 Qc7 15. Bg5 Bg7 16. d5 c4 17. h3 Nb7 18. Qd2 Bd7 19. Nh2 a5 20. Re2 h5 21. Rf1 Nh7 22. Be3 Nc5 23. f4 exf4 24. Bxf4 h4 25. Nh1 b4 26. Nf3 b3 27. axb3 cxb3 28. Bd3 Nxd3 29. Qxd3 Qc5+ 30. Be3 Bb5 31. Qd2 Qc7 32. Nf2 Bxe2 33. Qxe2 a4 34. Bd4 Qb7 35. Rb1 Qxd5 36. Qd2 Qc4 37. Bxg7 Kxg7 38. Nxh4 Qc5 39. Kh2 Qe5+ 40. Kg1 Nf6 41. Re1 a3 0-1

[Event "Mumbai Wealth op 2nd"]
[Site "Mumbai"]
[Date "2016.12.30"]
[Round "5"]
[White "Nair, Sanjeev"]
[Black "Sangma, Rahul"]
[Result "0-1"]
[WhiteElo "1899"]
[BlackElo "2306"]
[PlyCount "104"]
[EventDate "2016.12.26"]
[EventType "swiss"]
[EventRounds "9"]
[EventCountry "IND"]
[SourceTitle "CBM 176 Extra"]
[Source "ChessBase"]
[SourceDate "2017.03.02"]
[SourceVersion "1"]
[SourceVersionDate "2017.03.02"]
[SourceQuality "1"]

1. e4 e5 2. Nf3 Nc6 3. Bb5 Nf6 4. d3 Bc5 5. 0-0 d6 6. c3 0-0 7. Nbd2 Bb6 8. h3 Ne7 9. Re1 c6 10. Ba4 Ng6 11. Nf1 Nh5 12. d4 Qe7 13. Bc2 h6 14. Be3 Rd8 15. a4 a5 16. Bb3 Nhf4 17. Ng3 Qf6 18. Rc1 Bc7 19. Rc2 Be6 20. Bxe6 fxe6 21. Bxf4 Nxf4 22. Nh2 Rf8 23. Rd2 exd4 24. cxd4 d5 25. e5 Qg5 26. Re3 h5 27. Qf1 h4 28. Nf3 Nxh3+ 29. gxh3 Rxf3 30. Rxf3 Qxd2 31. Ne2 Rf8 32. Rxf8+ Kxf8 33. f4 Qe3+ 34. Kg2 b5 35. Qf2 Qe4+ 36. Kf1 Bd8 37. Qg2 Qxg2+ 38. Kxg2 bxa4 39. Kf3 Be7 40. Nc3 a3 41. bxa3 Bxa3 42. Na4 Kf7 43. Kg4 Bc1 44. Kf3 Bd2 45. Nc5 Bc3 46. Ke3 Bb4 47. Na4 Kg6 48. Kd3 Kf5 49. Ke3 Ba3 50. Nb6 c5 51. Nc8 cxd4+ 52. Kf3 Bc5 0-1